000 00585nam a2200133Ia 4500
008 200302s9999 xx 000 0 und d
020 _a9780128142769
245 _cEdited by Dixon Thomas
_aClinical pharmacy education, practice and research :
_bclinical pharmacy, drug information, pharmacovigilance, pharmacoeconomics and clinical research /
260 _aUnited States:
_bElsevier
_c2019
300 _axxiii, 516 pages :
_bblack and white illustrations;
_c28 cm
500 _aIncludes appendix and index.
650 _a Pharmacy -- Practice.
650 _aPharmacy -- Study and teaching.
999 _c363043
_d363043